|
|
|
|
| LEADER |
01150nam a2200205 a 4500 |
| 008 |
100421s2009 bg 000 0 mul d |
| 020 |
|
|
|a 984325073
|
| 040 |
|
|
|a BD-DhAAL
|c BD-DhAAL
|
| 082 |
0 |
0 |
|a 349.54
|2 22
|
| 100 |
1 |
|
|a বদরউদ্দিন, এম.
|
| 245 |
0 |
0 |
|a হিন্দু আইন /
|c এম. বদরউদ্দিন.
|
| 260 |
|
|
|a ঢাকা :
|b ন্যাশনাল ল' বুক কোম্পানি,
|c ২০০৯.
|
| 300 |
|
|
|a ৪৬৪ পৃ. ;
|c ২২ সে.মি.
|
| 541 |
1 |
|
|e 00018268
|
| 650 |
|
0 |
|a Hindu law.
|
| 852 |
4 |
|
|a Ayesha Abed Library
|j General Shelf
|
| 999 |
|
|
|c 8192
|d 8192
|
| 952 |
|
|
|0 0
|1 0
|2 ddc
|4 0
|6 349_540000000000000_BAD_2009
|7 0
|9 9358
|a BRACUL
|b BRACUL
|c GEN
|d 2010-04-21
|l 13
|m 51
|o 349.54 BAD
|p 3010018268
|r 2024-09-29
|s 2024-09-04
|t 1
|w 2010-04-21
|y BK
|
| 952 |
|
|
|0 0
|1 0
|2 ddc
|4 0
|6 349_540000000000000_BAD
|7 0
|9 16438
|a BRACUL
|b BRACUL
|c GEN
|d 2011-05-15
|l 7
|m 85
|o 349.54 BAD
|p 3010018267
|q 2026-05-19
|r 2026-02-23
|s 2026-02-23
|t 2
|w 2011-05-15
|y BK
|
| 952 |
|
|
|0 0
|1 0
|2 ddc
|4 0
|6 349_540000000000000_BAD
|7 0
|9 16439
|a BRACUL
|b BRACUL
|c GEN
|d 2011-05-15
|l 11
|m 91
|o 349.54 BAD
|p 3010018269
|q 2026-05-17
|r 2026-02-22
|s 2026-02-22
|t 3
|w 2011-05-15
|y BK
|